000
00225 a2200097 4500
245
_a
Magdalene of Canossa
_h
Text
100
_a
Giacon, Modesto
650
_a
SOCIOLOGY
005
20191021095715.0
260
_a
ITALY
_b
NOVASTAMA
_c
1988
084
_a
PS3613.C494
999
_c
12576
_d
12576